Cultura Geral - Statistics

Estatísticas Gerais
  • Esse quiz foi jogado 20 vezes
  • A pontuação média é 6 de 15
Estatísticas das Respostas
Hint Resposta % Correto
Quem morreu em Los Angeles em 25 de junho de 2009? Michael Jackson
67%
O que foi inventado pelos irmãos Wright de Dayton, Ohio? Avião
61%
Em que país podemos encontrar a cidade de Calgary? Canadá
56%
Em que arquipélago fica Tenerife? Canárias
56%
Quem era o namorado abusivo de Rihanna? Chris Brown
56%
Em que cidade nasceu e morreu Marilyn Monroe? Los Angeles
56%
Em que país nasceu Martina Stoessel? Argentina
50%
Em que país podemos encontrar a cidade de Incheon? Coreia do Sul
50%
Em que país nasceu o cantor Sebastián Yatra? Colômbia
39%
A que musical pertence a música "Don't Cry for Me Argentina"? Evita
28%
A que filme pertence a música "Circle of Life"? Rei Leão
28%
Que grupo feminino cantou "Bootylicious"? Destiny's Child
22%
Qual banda finalmente lançou seu álbum "Chinese Democracy" depois de 10 anos em desenvolvimento? Guns N' Roses
22%
Com qual cantor country australiana Nicole Kidman se casou? Keith Urban
22%
Que atriz e cantora portuguesa faz sucesso nos musicais de Londres? Sofia Escobar
22%
Nenhum quiz correspondente encontrado
Distribuição das Pontuações
Porcentagem de Pessoas com Cada Pontuação
Percentil de Números Respondidos
Sua Pontuação Histórica
Você não jogou esse quiz